• 首页
  • 本馆介绍
  • 公告通知
  • 最新文献
  • 馆藏检索
  • 电子资源
  • 读者导购
  • 参考咨询
  • 我的图书馆
  • 登录
  • 详细信息显示
  • 放入我的书架
  • 预约/预借图书
  • 作者相关作品
  • 分类相关作品
  • 丛书相关作品
  • 出版社相关作品

书目信息

  • 表格格式
  • 工作单格式
  • 卡片格式
题名:
磁声成像技术
    
 
作者: 刘国强 著
分册: 上册   超声检测式磁声成像
出版信息: 北京   科学出版社  2014.06
页数: 284页,[9]页图版
开本: 24cm
丛书名: 现代声学科学与技术丛书
单 册:
中图分类: O426.2
科图分类:
主题词: 磁声波--超声成象 , 磁声波 , 超声成象
电子资源:
ISBN: 978-7-03-041233-1
000 01034oam2 2200301 450
001 0120141344678
005 20170327084416.73
010    @a978-7-03-041233-1@dCNY98.00
100    @a20140730d2014 em y0chiy0110 ea
101 0  @achi
102    @aCN@b110000
105    @aaf z 001yy
106    @ar
200 1  @a磁声成像技术@9ci sheng cheng xiang ji shu@h上册@i超声检测式磁声成像@f刘国强著
210    @a北京@c科学出版社@d2014.06
215    @a284页,[9]页图版@c图@d24cm
225 2  @a现代声学科学与技术丛书
300    @a“十二五”国家重点图书出版规划项目
330    @a本书共分三篇内容,分别为概论、感应式磁声成像和注入电流式磁声成像,其中论述了电磁场和声场的正逆问题,以及二者的耦合问题。
333    @a电气工程、电子工程、生物医学工程、生物电子学等领域的工作人员
461  0 @12001 @a现代声学科学与技术丛书
606 0  @a磁声波@x超声成象
606 0  @a磁声波
606 0  @a超声成象
690    @aO426.2@v5
701  0 @a刘国强@9liu guo qiang@4著
801  0 @aCN@b人天书店@c20140730
905    @b980034-36@dO426.2@e26:1@f3
    
    磁声成像技术.上册.超声检测式磁声成像/刘国强著.-北京:科学出版社,2014.06
    284页,[9]页图版:图;24cm.-(现代声学科学与技术丛书)
    “十二五”国家重点图书出版规划项目.-使用对象:电气工程、电子工程、生物医学工程、生物电子学等领域的工作人员
    
    ISBN 978-7-03-041233-1:CNY98.00
    本书共分三篇内容,分别为概论、感应式磁声成像和注入电流式磁声成像,其中论述了电磁场和声场的正逆问题,以及二者的耦合问题。
●
相关链接 在E读中查询图书 在五车中查询图书 在当当中查询图书 在豆瓣中查询图书


正题名:磁声成像技术     索取号:O426.2/26:1         预约/预借

序号 登录号 条形码 馆藏地/架位号 状态 备注
1 980034   209800349   第二样本阅览室/ [索取号:O426.2/26:1] 在馆    
2 980035   209800358   密集书库-物理学院/ [索取号:O426.2/26:1] 在馆    
3 980036   209800367   第三借阅区/ [索取号:O426.2/26:1] 在馆    
唐山师范学院图书馆 欢迎您!
大连网信软件有限公司© 版权所有